Derecho electoral colombiano : (Registro nro. 7076)
[ vista simple ]
| 000 -LEADER | |
|---|---|
| fixed length control field | 00970cam a2200253 a 4500 |
| 003 - CONTROL NUMBER IDENTIFIER | |
| control field | OSt |
| 005 - DATE AND TIME OF LATEST TRANSACTION | |
| control field | 20210131165659.0 |
| 008 - FIXED-LENGTH DATA ELEMENTS--GENERAL INFORMATION | |
| fixed length control field | 070615t2007 ck rl 000 0 spa d |
| 020 ## - INTERNATIONAL STANDARD BOOK NUMBER | |
| International Standard Book Number | 9789588297439 |
| 040 ## - CATALOGING SOURCE | |
| Original cataloging agency | CO-JMCR |
| Transcribing agency | CO-JMCR |
| 041 0# - LANGUAGE CODE | |
| Language code of text/sound track or separate title | spa |
| 082 04 - DEWEY DECIMAL CLASSIFICATION NUMBER | |
| Classification number | 324.9861 / |
| Item number | B273d |
| Edition number | 21 |
| 100 1# - MAIN ENTRY--PERSONAL NAME | |
| Personal name | Barreto Suárez, Omar Joaquín, |
| Relator term | autor |
| 9 (RLIN) | 12911 |
| 245 10 - TITLE STATEMENT | |
| Title | Derecho electoral colombiano : |
| Remainder of title | la actuación administrativa / |
| Statement of responsibility, etc. | Omar Joaquín Barreto Suárez |
| 260 ## - PUBLICATION, DISTRIBUTION, ETC. | |
| Place of publication, distribution, etc. | Bogotá : |
| Name of publisher, distributor, etc. | Editorial Universidad del Rosario : |
| -- | Grupo Editorial Ibáñez, |
| Date of publication, distribution, etc. | c2007 |
| 300 ## - PHYSICAL DESCRIPTION | |
| Extent | 521 páginas ; |
| Dimensions | 24 cm. |
| 490 0# - SERIES STATEMENT | |
| Series statement | Colección textos de jurisprudencia |
| 504 ## - BIBLIOGRAPHY, ETC. NOTE | |
| Bibliography, etc. note | Bibliografía: páginas 509-521 |
| 505 0# - FORMATTED CONTENTS NOTE | |
| Formatted contents note | Los derechos políticos -- La organización electoral -- El proceso electoral |
| 650 24 - SUBJECT ADDED ENTRY--TOPICAL TERM | |
| Topical term or geographic name entry element | Derecho electoral |
| Geographic subdivision | Colombia |
| 9 (RLIN) | 12912 |
| 650 24 - SUBJECT ADDED ENTRY--TOPICAL TERM | |
| Topical term or geographic name entry element | Elecciones |
| General subdivision | Legislación |
| Geographic subdivision | Colombia |
| 9 (RLIN) | 12913 |
| 650 24 - SUBJECT ADDED ENTRY--TOPICAL TERM | |
| Topical term or geographic name entry element | Sufragio |
| General subdivision | Legislación |
| Geographic subdivision | Colombia |
| 9 (RLIN) | 12914 |
| 942 ## - ADDED ENTRY ELEMENTS (KOHA) | |
| Source of classification or shelving scheme | Dewey Decimal Classification |
| Koha item type | Books |
| Withdrawn status | Lost status | Source of classification or shelving scheme | Damaged status | Not for loan | Home library | Current library | Date acquired | Total Checkouts | Full call number | Barcode | Date last seen | Copy number | Price effective from | Koha item type |
|---|---|---|---|---|---|---|---|---|---|---|---|---|---|---|
| Dewey Decimal Classification | Biblioteca Pública José María del Castillo y Rada | Biblioteca Pública José María del Castillo y Rada | 01/31/2021 | 324.9861 / B273d | 201810146 | 05/16/2024 | Ej.1 | 01/31/2021 | Books |